Movies by Image #15 - Statistics

General Stats
  • This quiz has been taken 86 times
  • The average score is 5 of 16
Answer Stats
Picture Answer % Correct
The Santa Clause
53%
Twins
53%
My Cousin Vinny
51%
Stuart Little
43%
Shallow Hal
38%
The Bodyguard
36%
The Break-Up
30%
Along Came Polly
26%
Ransom
24%
The Thing
23%
Tag
19%
The Great Wall
19%
Wild Things
18%
Where the Crawdads Sing
15%
The Dark Tower
14%
She's Out of My League
11%
No matching quizzes found
Score Distribution
Percent of People with Each Score
Percentile by Number Answered
Your Score History
You have not taken this quiz